000 00638nam a2200205Ia 4500
003 GCL
008 140319s9999 xx 000 0 ara d
040 _aGCL /
_cGCL
082 0 4 _a810.99531
_bس ث
100 1 _aسعد البازعى
245 1 0 _aثقافة الصحراء: دراسات فى أدب الجزيرة العربية المعاصرة /
_cسعد البازعى
260 _a[S.N] :
_bبرنت للطباعة ،
_c1991
300 _a206 ص
490 _a
650 0 4 _aالادب العربى
650 0 4 _aالعصر الحديث
650 0 4 _aالسعودية
650 0 4 _aتاريخ ونقد
942 _2ddc
_cBK
999 _c28016
_d28016